000 00633nam a2200205 i 4500
001 133820
003 ES-MaACL
005 20230906194534.0
007 t|
008 070830s1951 sp ||||1| spa d
100 1 _aWren, Percival Christopher.
_9117398
245 1 3 _aEl cofre del destino /
_cPercival Christopher Wren ; [traducción del inglés por Manuel Bosch Barrett].
260 _aBarcelona :
_bL. A. R. A.,
_c[1951]
300 _a237 p. ;
_c19 cm.
490 1 _aHorizonte
700 1 _aBosch Barrett, Manuel.
_930649
830 0 _aHorizonte
_9180916
852 _aES-MaACL
_jD-7018
_bR.31881
999 _c133820
_d133820